Quiz di cultura generale #116 - Statistics

Statistiche generali
  • Questo quiz è stato fatto 396 volte
  • Il punteggio medio è 14 su 20
Statistiche sulle risposte
DOMANDA RISPOSTA % Corretto
Il miglior amico dell'uomo Cane
96%
Famoso pittore che si è tagliato un orecchio Vincent/Van Gogh
94%
Il suo unico confine è con gli Stati Uniti Canada
93%
Lo stato con la Sfinge e Abu Simbel Egitto
93%
Così si dice "sì" in francese Oui
93%
Lo scrittore dei "Malavoglia" Giovanni/Verga
84%
In una facoltà universitaria possono essere Moderne o Antiche Lettere
82%
La regione di Cortina d'Ampezzo Veneto
80%
Il quiz con le botole Caduta Libera
76%
Il più grande commediografo della letteratura inglese William/Shakespeare
71%
Il capoluogo lucano Potenza
69%
La sigla "SUR" è utilizzata per indicare quale stato? Suriname
69%
Cosa significa la sigla www in un sito? World Wide Web
67%
L'impero governato dai sultani Ottomano
61%
Chi fu il navigatore che chiamò l'oceano "Pacifico" Ferdinando/Magellano
59%
Il vincitore del Pallone d'Oro nel 2024 Rodri
57%
Lo scrittore italiano vincitore del premio Nobel nel 1934 Luigi/Pirandello
39%
Quale sport utilizza il "tee"? Golf
37%
Qual è la città con il più popoloso agglomerato urbano al di fuori dell'Asia? Città del Messico
32%
Il nome completo di Papa Leone XIV (doppio nome+cognome) Robert Francis Prevost
15%
Nessun quiz corrispondente trovato
Distribuzione punteggi
Percentuale di utenti per punteggio
Percentile per numero di risposta
I tuoi punteggi nel tempo
Non hai fatto questo quiz